01176nam a2200241Ia 4500001000600000003000900006008004100015040001300056040001300069041001300082100001800095100002900113245008600142245003800228250001100266260001200277260001300289260004900302300005600351500045300407650004300860650003100903F8055IT-RoPAU130308s9999 xx 000 0 und d aIT-RoPAU cIT-RoPAU aITALIANO aWeber Roberto gCodice Aut. SPICS: 52666 a"Dal '94 al '96: ""offerta"" della politica e ""domanda"" dell'opinione pubblica" bMiss Melandri e le Parole Magiche a1a ed. aTRIESTE bBattello c1996 [1° Ed.:1996 - Ed.Ling.Originale:1996] a"30 p. (prefazione: no ; testo: 30 [pagine: 9-38])" aElezioni politiche del 1994: Chi Ha Giocato per vincere le Elezioni?, Grande Illusione dei Progressisti, Lunga Rincorsa di Berlusconi. sinistra da sola Puo' Farcela?: dal trionfo delle Europee al Decreto Sulle Pensioni, Rapporto profondo con I Popolari, Bossi e L'Intempestiva Crisi di Governo. Arrivo di Prodi: Scintillante Inizio, prove Generali di Schieramento, Elezioni Regionali. tre mesi Cruciali. regia di Massimo D'Alema. Vincitori e Vinti. aENCICLOPEDIE DELLE relazioni PUBBLICHE eCodice materia Spics: 6401